[Event "XII. DBMM Schach"]
[Site "Berlin"]
[Date "2012.10.12"]
[Round "3.2"]
[White "Bach, Matthias"]
[Black "Beltz, Franziska"]
[Result "1/2-1/2"]
[WhiteElo "2263"]
[BlackElo "2125"]
[Annotator "rg"]
[PlyCount "132"]
[EventDate "2012.??.??"]
[Source "FV Schach e.V."]
[SourceDate "2012.10.14"]
[WhiteTeam "R+V Vers. Wiesbaden"]
[BlackTeam "Emco GmbH Leipzig"]
[WhiteTeamCountry "GER"]
[BlackTeamCountry "GER"]

1. c4 Nf6 2. g3 g6 3. Bg2 d5 4. cxd5 Nxd5 5. d4 Bg7 6. Nf3 O-O 7. O-O Nc6 8.
Nc3 Nb6 9. d5 Na5 10. Be3 c6 11. dxc6 Nxc6 12. Qc1 a6 13. Rd1 Qc7 14. Bf4 e5
15. Bh6 Bg4 16. Bxg7 Kxg7 17. Ne4 Qe7 18. Qc5 Qc7 19. Nd6 Nd7 20. Qc3 Qb6 21.
Nc4 Qc5 22. Rac1 Rad8 23. Kf1 f6 24. Qe3 Qb4 25. a3 Qe7 26. b4 Ndb8 27. Qb6 Rd7
28. Rxd7 Qxd7 29. Ne3 Be6 30. Rd1 Qe7 31. Nd5 Qd7 32. Ne1 Nd4 33. e3 Bxd5 34.
exd4 Bxg2+ 35. Nxg2 Nc6 36. d5 Nd4 37. Rc1 Qxd5 38. Rc7+ Rf7 39. Qc5 Qa2 40.
Rxf7+ Qxf7 41. Ne3 Qd7 42. Nd5 Qb5+ 43. Qxb5 Nxb5 44. a4 Nd4 45. Ke1 Kf7 46. h4
Ke6 47. Ne3 Nc6 48. b5 axb5 49. axb5 Nd4 50. b6 Nb3 51. Ke2 e4 52. Nc2 Kd5 53.
Ke3 f5 54. Kf4 h6 55. h5 gxh5 56. Ne3+ Kc5 57. Nxf5 Nd2 58. Ke5 Nc4+ 59. Kxe4
Nxb6 60. Nxh6 Nc4 61. f4 b5 62. Nf5 Nd6+ 63. Nxd6 Kxd6 64. Kd4 Ke6 65. Kc5 Kf5
66. Kxb5 h4 1/2-1/2

[Event "XII. DBMM Schach"]
[Site "Berlin"]
[Date "2012.10.12"]
[Round "3.3"]
[White "Beltz, Robert"]
[Black "Werner, Gregor"]
[Result "1/2-1/2"]
[WhiteElo "2105"]
[BlackElo "2172"]
[Annotator "rg"]
[PlyCount "118"]
[EventDate "2012.??.??"]
[Source "FV Schach e.V."]
[SourceDate "2012.10.14"]
[WhiteTeam "Emco GmbH Leipzig"]
[BlackTeam "R+V Vers. Wiesbaden"]
[WhiteTeamCountry "GER"]
[BlackTeamCountry "GER"]

1. Nf3 d6 2. d4 Nf6 3. c4 g6 4. Nc3 Bg7 5. e4 O-O 6. h3 e5 7. dxe5 dxe5 8. Be3
c6 9. Qxd8 Rxd8 10. c5 Re8 11. Bc4 Be6 12. Nd2 Nbd7 13. Bxe6 Rxe6 14. Ke2 a5
15. b3 Nh5 16. Rhd1 Nf4+ 17. Kf1 Bf8 18. Nc4 Nxc5 19. Nxe5 Rxe5 20. Bxf4 Ree8
21. f3 a4 22. b4 Ne6 23. Bd6 Bg7 24. Rac1 Bd4 25. e5 Bxc3 26. Rxc3 Nf4 27. Rc5
Nd5 28. Rb1 f6 29. b5 fxe5 30. bxc6 bxc6 31. Rxc6 Re6 32. Rbc1 Rae8 33. Rc8 e4
34. Rxe8+ Rxe8 35. Re1 Rd8 36. fxe4 Rxd6 37. exd5 Rxd5 38. Re4 Rd1+ 39. Ke2 Rg1
40. Kf2 Rc1 41. Rxa4 Kg7 42. Kf3 Kf6 43. Ra6+ Kf5 44. Ra5+ Kf6 45. h4 h5 46.
Ra6+ Kf5 47. Ra5+ Kf6 48. g3 Rc3+ 49. Kf4 Rc4+ 50. Kf3 Rc3+ 51. Kg2 Rc2+ 52.
Kh3 Ke6 53. a4 Ra2 54. Ra8 Kf6 55. Ra6+ Kf5 56. Ra5+ Kf6 57. Ra8 Ke6 58. a5 Kf6
59. Ra7 Ke6 1/2-1/2

[Event "XII. DBMM Schach"]
[Site "Berlin"]
[Date "2012.10.12"]
[Round "3.4"]
[White "Schmitt, Carsten"]
[Black "Beltz, Martina"]
[Result "0-1"]
[WhiteElo "2001"]
[BlackElo "2097"]
[Annotator "rg"]
[PlyCount "116"]
[EventDate "2012.??.??"]
[Source "FV Schach e.V."]
[SourceDate "2012.10.14"]
[WhiteTeam "R+V Vers. Wiesbaden"]
[BlackTeam "Emco GmbH Leipzig"]
[WhiteTeamCountry "GER"]
[BlackTeamCountry "GER"]

1. c4 f5 2. g3 e6 3. Bg2 Nf6 4. Nf3 d5 5. O-O Bd6 6. b3 O-O 7. Bb2 Nbd7 8. d3
Qe8 9. Qc2 Qh5 10. Nbd2 f4 11. e4 fxe3 12. fxe3 Ng4 13. Rae1 Qh6 14. Qc3 Nde5
15. c5 Nxf3+ 16. Nxf3 Be5 17. d4 Rxf3 18. Rxf3 Qxh2+ 19. Kf1 Bxg3 20. e4 Bxe1
21. Qxe1 b6 22. Qe2 a5 23. Rh3 Qf4+ 24. Ke1 Ba6 25. Qd2 Qxd2+ 26. Kxd2 Rf8 27.
Rf3 Rxf3 28. Bxf3 Nf6 29. e5 Nd7 30. cxb6 cxb6 31. Ba3 Kf7 32. Bg4 g6 33. Bc1
h5 34. Bh3 g5 35. Ke1 g4 36. Bg2 Kg6 37. Kf2 h4 38. Ba3 Kf5 39. Be7 h3 40. Bh1
Kf4 41. Bh4 Nb8 42. Bg3+ Kf5 43. Ke3 Nc6 44. a3 Na7 45. Bh4 Bf1 46. Kf2 Bd3 47.
Bd8 Be4 48. Bxb6 Nc6 49. Bxa5 Nxa5 50. b4 Nc4 51. a4 Bxh1 52. a5 Kf4 53. a6 Be4
54. a7 Nb6 55. b5 g3+ 56. Ke2 h2 57. a8=Q Nxa8 58. b6 Nxb6 0-1

[Event "XII. DBMM Schach"]
[Site "Berlin"]
[Date "2012.10.12"]
[Round "3.1"]
[White "Lipp, Hubert"]
[Black "Kropman, Alexei"]
[Result "1-0"]
[WhiteElo "2064"]
[BlackElo "2105"]
[Annotator "rg"]
[PlyCount "111"]
[EventDate "2012.??.??"]
[Source "FV Schach e.V."]
[SourceDate "2012.10.14"]
[WhiteTeam "R+V Vers. Wiesbaden II"]
[BlackTeam "SV Senat Berlin II"]
[WhiteTeamCountry "GER"]
[BlackTeamCountry "GER"]

1. e4 e6 2. d4 d5 3. exd5 exd5 4. Bd3 Nc6 5. c3 Bd6 6. Nf3 Nge7 7. O-O Bg4 8.
b4 Qd7 9. a4 O-O 10. b5 Nd8 11. Nbd2 Ng6 12. Qc2 Re8 13. Ba3 Bxa3 14. Rxa3 Qd6
15. Raa1 Qf6 16. Rfe1 Ne6 17. Ne5 Bh5 18. f3 Nef4 19. g4 Nxe5 20. Bxh7+ Kh8 21.
dxe5 Rxe5 22. Bf5 Bg6 23. Bxg6 Nxg6 24. Rxe5 Qxe5 25. Nf1 Re8 26. Rd1 Nf4 27.
c4 d4 28. Qe4 Qxe4 29. fxe4 d3 30. Nd2 g5 31. Kf2 Kg7 32. h4 gxh4 33. Ke3 Ne6
34. Rh1 Rh8 35. Nf3 h3 36. Rh2 Nc5 37. a5 Kf6 38. e5+ Kg6 39. a6 bxa6 40. bxa6
Rd8 41. Nd2 Nxa6 42. Rxh3 Nb4 43. Rh1 a5 44. Ke4 Nc2 45. Nf3 a4 46. Nh4+ Kg5
47. Nf3+ Kxg4 48. Rg1+ Kh3 49. Kf4 Rd4+ 50. Nxd4 Nxd4 51. Rg3+ Kh2 52. Rxd3
Ne6+ 53. Kg4 Nc5 54. Rd2+ Kg1 55. Kf3 c6 56. Ke3 1-0

[Event "XII. DBMM Schach"]
[Site "Berlin"]
[Date "2012.10.12"]
[Round "3.2"]
[White "Major, Vitalij"]
[Black "Leidorf, Sebastian"]
[Result "1-0"]
[WhiteElo "2076"]
[BlackElo "2051"]
[Annotator "rg"]
[PlyCount "36"]
[EventDate "2012.??.??"]
[Source "FV Schach e.V."]
[SourceDate "2012.10.14"]
[WhiteTeam "SV Senat Berlin II"]
[BlackTeam "R+V Vers. Wiesbaden II"]
[WhiteTeamCountry "GER"]
[BlackTeamCountry "GER"]

1. d4 d5 2. c4 e6 3. Nc3 c5 4. cxd5 exd5 5. Nf3 Nc6 6. e3 Nf6 7. Be2 Be7 8. O-O
a6 9. b3 O-O 10. Bb2 Be6 11. Rc1 Ne4 12. dxc5 Nxc5 13. Nd4 Rc8 14. Nxc6 Rxc6
15. Bf3 Rd6 16. Qd4 Nd7 17. Nxd5 Nf6 18. Nxe7+ Qxe7 1-0

[Event "XII. DBMM Schach"]
[Site "Berlin"]
[Date "2012.10.12"]
[Round "3.3"]
[White "Launert, Martin"]
[Black "Guenther, Thomas"]
[Result "1/2-1/2"]
[WhiteElo "1884"]
[BlackElo "1961"]
[Annotator "rg"]
[PlyCount "90"]
[EventDate "2012.??.??"]
[Source "FV Schach e.V."]
[SourceDate "2012.10.14"]
[WhiteTeam "R+V Vers. Wiesbaden II"]
[BlackTeam "SV Senat Berlin II"]
[WhiteTeamCountry "GER"]
[BlackTeamCountry "GER"]

1. e4 c5 2. Nf3 Nc6 3. d4 cxd4 4. Nxd4 Qb6 5. Nb3 Nf6 6. Nc3 e6 7. Be3 Qc7 8.
a3 a6 9. Be2 Be7 10. O-O O-O 11. f4 d6 12. Qe1 b5 13. Rd1 Nd7 14. Qg3 Kh8 15.
Bd3 b4 16. Ne2 bxa3 17. bxa3 Na5 18. Ned4 Nc4 19. Bc1 Bb7 20. Kh1 Ndb6 21. Qh3
e5 22. Nf5 Bf6 23. Qg4 d5 24. fxe5 Nxe5 25. Qe2 Nxd3 26. cxd3 dxe4 27. dxe4 Qc4
28. Qxc4 Nxc4 29. Nc5 Bc6 30. Nd7 Bxd7 31. Rxd7 Ne5 32. Rd5 Ng6 33. Rd7 Be5 34.
Ne3 Kg8 35. Nc4 Rac8 36. Nxe5 Nxe5 37. Rd6 Ra8 38. Bf4 Nc4 39. Rd7 f6 40. h3
Rfe8 41. Rb1 Red8 42. Re7 Re8 43. Rd7 Rad8 44. Ra7 Ra8 45. Rc7 Rac8 1/2-1/2

[Event "XII. DBMM Schach"]
[Site "Berlin"]
[Date "2012.10.12"]
[Round "3.4"]
[White "Noak, Uwe"]
[Black "Finkhaeuser, Jens"]
[Result "1/2-1/2"]
[WhiteElo "1741"]
[BlackElo "1706"]
[Annotator "rg"]
[PlyCount "35"]
[EventDate "2012.??.??"]
[Source "FV Schach e.V."]
[SourceDate "2012.10.14"]
[WhiteTeam "SV Senat Berlin II"]
[BlackTeam "R+V Vers. Wiesbaden II"]
[WhiteTeamCountry "GER"]
[BlackTeamCountry "GER"]

1. c4 Nf6 2. d4 g6 3. Nc3 d5 4. cxd5 Nxd5 5. e4 Nxc3 6. bxc3 Bg7 7. Be3 O-O 8.
Qd2 c5 9. Rd1 Qa5 10. f4 Nc6 11. Nf3 Bg4 12. e5 Bxf3 13. gxf3 cxd4 14. cxd4
Qxd2+ 15. Rxd2 Rfd8 16. Bb5 Nb4 17. Ke2 Nd5 18. Bc4 1/2-1/2

[Event "XII. DBMM Schach"]
[Site "Berlin"]
[Date "2012.10.12"]
[Round "3.1"]
[White "Hohlfeld, Wolfgang"]
[Black "Welz, Peter"]
[Result "1-0"]
[WhiteElo "2134"]
[BlackElo "2057"]
[Annotator "rg"]
[PlyCount "133"]
[EventDate "2012.??.??"]
[Source "FV Schach e.V."]
[SourceDate "2012.10.14"]
[WhiteTeam "Baubehoerde Hamburg"]
[BlackTeam "Deutsche Bahn/BSW Berlin"]
[WhiteTeamCountry "GER"]
[BlackTeamCountry "GER"]

1. e4 e6 2. d4 d5 3. e5 c5 4. c3 Nc6 5. Nf3 Qb6 6. Bd3 cxd4 7. cxd4 Bd7 8. Nc3
Nxd4 9. Nxd4 Qxd4 10. O-O a6 11. Qe2 Ne7 12. Kh1 Nc6 13. f4 Bc5 14. Bd2 Nb4 15.
Bb1 Rc8 16. a3 Nc6 17. Bd3 Ba7 18. Rf3 Qc5 19. Be3 Qe7 20. Bxa7 Nxa7 21. f5 Nc6
22. Rg3 g6 23. fxe6 Bxe6 24. Re1 h5 25. Qf2 h4 26. Rf3 Rh5 27. Rf4 Rxe5 28.
Rxh4 Rxe1+ 29. Qxe1 Kd7 30. Rf4 Rh8 31. Qg3 Rh5 32. Qf2 Qd6 33. h3 Kc7 34. Kg1
Ne5 35. Be2 Rf5 36. Rxf5 Bxf5 37. Qd4 Be6 38. Kh1 Nc6 39. Qd2 Qe5 40. Bf3 Nd4
41. Bd1 Nf5 42. Ne2 Ng3+ 43. Nxg3 Qxg3 44. Bf3 Qe5 45. Qa5+ Kb8 46. Qb4 Qc7 47.
Qd4 Qc4 48. Qe5+ Ka7 49. Kh2 Kb6 50. Qd6+ Qc6 51. Qb4+ Ka7 52. Qd4+ Qb6 53. Qe5
d4 54. b4 d3 55. Qe4 Qd6+ 56. g3 Bc8 57. Qe3+ Kb8 58. Qd2 Qd4 59. Kg2 Qc4 60.
Qf4+ Qxf4 61. gxf4 Kc7 62. h4 Kb6 63. Kf2 Kb5 64. Bd5 b6 65. Bb3 a5 66. bxa5
Kxa5 67. Ke3 {Rest der Partie nicht nachvollziehbar} 1-0

[Event "XII. DBMM Schach"]
[Site "Berlin"]
[Date "2012.10.12"]
[Round "3.2"]
[White "Zahn, Juergen"]
[Black "Hedden, Helge"]
[Result "1/2-1/2"]
[WhiteElo "1892"]
[BlackElo "2073"]
[Annotator "rg"]
[PlyCount "71"]
[EventDate "2012.??.??"]
[Source "FV Schach e.V."]
[SourceDate "2012.10.14"]
[WhiteTeam "Deutsche Bahn/BSW Berlin"]
[BlackTeam "Baubehoerde Hamburg"]
[WhiteTeamCountry "GER"]
[BlackTeamCountry "GER"]

1. e4 e6 2. d4 d5 3. Nc3 Nf6 4. Bg5 dxe4 5. Nxe4 Nbd7 6. Nf3 h6 7. Nxf6+ Nxf6
8. Bh4 Be7 9. Be2 c5 10. O-O cxd4 11. Qxd4 Qxd4 12. Nxd4 Bd7 13. Rad1 Rc8 14.
c3 a6 15. Bf3 e5 16. Nc2 Bc6 17. Bxc6+ Rxc6 18. Rfe1 Re6 19. Bg3 Nd7 20. Ne3 f6
21. Nf5 Rh7 22. f4 g6 23. Nd4 Bc5 24. Kf1 Bxd4 25. cxd4 e4 26. d5 Ree7 27. Bf2
f5 28. Bd4 Kf7 29. Re3 Nf6 30. Bxf6 Kxf6 31. Rb3 Rd7 32. Rb6+ Kg7 33. Ke2 Rh8
34. Re6 Rhd8 35. Re5 Rd6 36. Re7+ 1/2-1/2

[Event "XII. DBMM Schach"]
[Site "Berlin"]
[Date "2012.10.12"]
[Round "3.3"]
[White "Hein, Ralf"]
[Black "Rollwitz, Juergen"]
[Result "1-0"]
[WhiteElo "2194"]
[BlackElo "1841"]
[Annotator "rg"]
[PlyCount "95"]
[EventDate "2012.??.??"]
[Source "FV Schach e.V."]
[SourceDate "2012.10.14"]
[WhiteTeam "Baubehoerde Hamburg"]
[BlackTeam "Deutsche Bahn/BSW Berlin"]
[WhiteTeamCountry "GER"]
[BlackTeamCountry "GER"]

1. c4 d6 2. Nc3 c6 3. e4 e5 4. g3 g6 5. Bg2 Bg7 6. Nge2 Ne7 7. O-O Be6 8. d3
Na6 9. a3 Qd7 10. b4 O-O 11. Be3 Nc7 12. Rc1 Bh3 13. d4 Bxg2 14. Kxg2 Rfd8 15.
Qb3 b6 16. Rcd1 Qe6 17. f4 b5 18. d5 cxd5 19. cxd5 Qd7 20. fxe5 Bxe5 21. Bd4 f6
22. Nf4 Bxd4 23. Rxd4 Ne8 24. Ne6 Rdc8 25. Ne2 f5 26. g4 f4 27. Rxf4 Ng7 28.
Nxg7 Kxg7 29. Rd3 Rf8 30. h3 g5 31. Rxf8 Rxf8 32. Nd4 Rc8 33. Ne6+ Kg8 34. Rc3
Ng6 35. Nxg5 Nf4+ 36. Kh2 Rf8 37. Rf3 h6 38. Ne6 Nxe6 39. dxe6 Qe7 40. Rf5 Kh7
41. Qf3 Kg7 42. Rxf8 Qxf8 43. Qf5 Qf6 44. Qxf6+ Kxf6 45. Kg3 Kxe6 46. Kf4 d5
47. exd5+ Kxd5 48. Kf5 1-0

[Event "XII. DBMM Schach"]
[Site "Berlin"]
[Date "2012.10.12"]
[Round "3.4"]
[White "Maetzing, Hans Dieter"]
[Black "Albrecht, Norbert"]
[Result "1-0"]
[WhiteElo "1830"]
[BlackElo "1856"]
[Annotator "rg"]
[PlyCount "71"]
[EventDate "2012.??.??"]
[Source "FV Schach e.V."]
[SourceDate "2012.10.14"]
[WhiteTeam "Deutsche Bahn/BSW Berlin"]
[BlackTeam "Baubehoerde Hamburg"]
[WhiteTeamCountry "GER"]
[BlackTeamCountry "GER"]

1. Nc3 Nf6 2. d4 g6 3. e4 d6 4. Be3 Bg7 5. Be2 O-O 6. g4 c6 7. h4 Qa5 8. f3 e5
9. h5 exd4 10. Bxd4 d5 11. hxg6 fxg6 12. g5 Nh5 13. Bxg7 Nxg7 14. exd5 Bf5 15.
Bc4 Qc5 16. Bb3 Kh8 17. Qd2 Re8+ 18. Nge2 Nd7 19. O-O-O Qe3 20. Nd4 c5 21. Nxf5
Nxf5 22. Rh3 a6 23. Rdh1 Qxd2+ 24. Kxd2 Nf8 25. Ne4 Rad8 26. Nxc5 Nd6 27. Ne6
Rd7 28. Kc1 Nf5 29. Nxf8 Rxf8 30. c3 Nd6 31. Bc2 Rf4 32. Bxg6 Re7 33. Rxh7+
Rxh7 34. Rxh7+ Kg8 35. Rd7 Nc4 36. Be4 1-0

[Event "XII. DBMM Schach"]
[Site "Berlin"]
[Date "2012.10.12"]
[Round "3.1"]
[White "Graudons, Karsten"]
[Black "Gempe, Thomas"]
[Result "1/2-1/2"]
[WhiteElo "2043"]
[BlackElo "2270"]
[Annotator "rg"]
[PlyCount "55"]
[EventDate "2012.??.??"]
[Source "FV Schach e.V."]
[SourceDate "2012.10.14"]
[WhiteTeam "SG Bund Berlin II"]
[BlackTeam "ADAC Muenchen"]
[WhiteTeamCountry "GER"]
[BlackTeamCountry "GER"]

1. Nf3 Nf6 2. c4 g6 3. g3 Bg7 4. Bg2 O-O 5. O-O d6 6. Nc3 Nc6 7. a3 e5 8. d3 a5
9. h3 Re8 10. e4 Nd7 11. Ne1 Nc5 12. Nc2 Nb3 13. Rb1 Nxc1 14. Qxc1 Nd4 15. Nxd4
exd4 16. Ne2 c6 17. Kh2 a4 18. b3 axb3 19. Rxb3 Ra5 20. Qb2 Rh5 21. Rb4 Bh6 22.
Rb6 c5 23. Ng1 g5 24. f3 Bg7 25. a4 Be5 26. f4 gxf4 27. gxf4 Bg7 28. f5 1/2-1/2

[Event "XII. DBMM Schach"]
[Site "Berlin"]
[Date "2012.10.12"]
[Round "3.2"]
[White "Haas, Peter"]
[Black "Trebbin, Wolfhard"]
[Result "1-0"]
[WhiteElo "2074"]
[BlackElo "1960"]
[Annotator "rg"]
[PlyCount "59"]
[EventDate "2012.??.??"]
[Source "FV Schach e.V."]
[SourceDate "2012.10.14"]
[WhiteTeam "ADAC Muenchen"]
[BlackTeam "SG Bund Berlin II"]
[WhiteTeamCountry "GER"]
[BlackTeamCountry "GER"]

1. e4 c5 2. Nf3 e6 3. d4 cxd4 4. Nxd4 a6 5. Bd3 Nc6 6. Nxc6 dxc6 7. O-O e5 8.
a4 Nf6 9. a5 Bb4 10. Bd2 Bg4 11. Qe1 Bc5 12. Bb4 Qd4 13. Ra4 Bxb4 14. Rxb4 Qa7
15. Na3 O-O 16. Nc4 c5 17. Rb6 Nd7 18. Rd6 Rad8 19. Qc3 Qb8 20. f3 Be6 21. Rd1
Rfe8 22. Bf1 Bxc4 23. Bxc4 Nf6 24. Qxe5 Rxd6 25. Qxd6 Qxd6 26. Rxd6 Kf8 27. Kf1
Re7 28. Rd8+ Re8 29. Rxe8+ Kxe8 30. Bd5 1-0

[Event "XII. DBMM Schach"]
[Site "Berlin"]
[Date "2012.10.12"]
[Round "3.3"]
[White "Hoffbauer, Joerg"]
[Black "Budai, Zoltan"]
[Result "1-0"]
[WhiteElo "1744"]
[BlackElo "2021"]
[Annotator "rg"]
[PlyCount "85"]
[EventDate "2012.??.??"]
[Source "FV Schach e.V."]
[SourceDate "2012.10.14"]
[WhiteTeam "SG Bund Berlin II"]
[BlackTeam "ADAC Muenchen"]
[WhiteTeamCountry "GER"]
[BlackTeamCountry "GER"]

1. e4 c5 2. Nf3 Nc6 3. Bc4 e6 4. e5 a6 5. a4 d6 6. exd6 Qxd6 7. O-O Nf6 8. Re1
Be7 9. Bf1 e5 10. h3 h6 11. Nc3 Bf5 12. d3 O-O-O 13. Bd2 c4 14. Ne4 Nxe4 15.
dxe4 Be6 16. b3 g5 17. Bxc4 Bxc4 18. bxc4 h5 19. Bxg5 Qg6 20. Qc1 Rhg8 21. h4
f6 22. Qb2 fxg5 23. hxg5 Bxg5 24. Rab1 Rg7 25. Nxe5 Nxe5 26. Qxe5 Bd2 27. Qc5+
Rc7 28. Qa7 Rg8 29. g3 Bxe1 30. Rxe1 Rxc4 31. Rd1 h4 32. Rd3 Kc7 33. a5 Qxe4
34. Re3 Qc6 35. Re7+ Kd6 36. Rxb7 Kd5 37. Rd7+ Ke5 38. Qe3+ Kf5 39. Qd3+ Kg4
40. Rd6 Qe4 41. f3+ Qxf3 42. Qxc4+ Kh3 43. Qxh4# 1-0

[Event "XII. DBMM Schach"]
[Site "Berlin"]
[Date "2012.10.12"]
[Round "3.2"]
[White "Cagnoli, Michele"]
[Black "Bumes, Konrad"]
[Result "1/2-1/2"]
[WhiteElo "1556"]
[BlackElo "1911"]
[Annotator "rg"]
[PlyCount "110"]
[EventDate "2012.??.??"]
[Source "FV Schach e.V."]
[SourceDate "2012.10.14"]
[WhiteTeam "Europ. Patentamt MUC III"]
[BlackTeam "Europ. Patentamt MUC II"]
[WhiteTeamCountry "GER"]
[BlackTeamCountry "GER"]

1. Nf3 d5 2. c4 c6 3. e3 Nf6 4. Nc3 g6 5. d4 Bg7 6. b3 O-O 7. g3 Nbd7 8. c5 Ne4
9. Bb2 Nxc3 10. Bxc3 Nxc5 11. Bg2 Ne4 12. Qc2 Bf5 13. Qc1 Nxc3 14. Qxc3 Be4 15.
O-O Re8 16. Rac1 Bxf3 17. Bxf3 e5 18. dxe5 Bxe5 19. Qd3 f5 20. Kg2 Qe7 21. h4
Kg7 22. h5 Rad8 23. Rfe1 Qf6 24. Qc2 g5 25. g4 Rf8 26. Rf1 f4 27. a4 Bd6 28.
Qd3 Qe5 29. Qd4 Qxd4 30. exd4 Rfe8 31. Rc2 Bb4 32. Be2 Re4 33. Rd1 Rde8 34. Kf3
Ba5 35. Rd3 Bb6 36. Rcd2 Ba5 37. Rc2 Kf6 38. Rb2 Bb4 39. Rc2 Ke6 40. Kg2 Kd6
41. Kf3 b6 42. Rd1 h6 43. Ba6 R8e7 44. Bc8 c5 45. dxc5+ bxc5 46. Bf5 Re1 47.
Rd3 d4 48. Bg6 Rf1 49. Kg2 Ree1 50. Kf3 Re3+ 51. Kg2 Rxd3 52. Bxd3 Rb1 53. Bc4
Re1 54. Bd3 Kd5 55. Kf3 a5 1/2-1/2

[Event "XII. DBMM Schach"]
[Site "Berlin"]
[Date "2012.10.12"]
[Round "3.3"]
[White "Oberpriller, Josef"]
[Black "Milak, Adela"]
[Result "1-0"]
[WhiteElo "1932"]
[BlackElo "1463"]
[Annotator "rg"]
[PlyCount "61"]
[EventDate "2012.??.??"]
[Source "FV Schach e.V."]
[SourceDate "2012.10.14"]
[WhiteTeam "Europ. Patentamt MUC II"]
[BlackTeam "Europ. Patentamt MUC III"]
[WhiteTeamCountry "GER"]
[BlackTeamCountry "GER"]

1. d4 d5 2. Nc3 e6 3. e4 dxe4 4. Nxe4 b6 5. Bb5+ Bd7 6. Bxd7+ Nxd7 7. Nf3 Ngf6
8. Qe2 c5 9. O-O Nxe4 10. Qxe4 Nf6 11. Qc6+ Nd7 12. Qe4 Nf6 13. Qc6+ Nd7 14.
Qa4 Be7 15. dxc5 Bxc5 16. Bg5 f6 17. Bh4 O-O 18. Rfd1 Rf7 19. Ne5 Nxe5 20.
Rxd8+ Rxd8 21. Re1 Rd4 22. Qe8+ Bf8 23. Bg3 Re7 24. Qc8 Rc4 25. Qa6 Rxc2 26.
Bxe5 fxe5 27. b3 Rf7 28. Rf1 Rfxf2 29. Rxf2 Rc1+ 30. Rf1 Bc5+ 31. Kh1 1-0

[Event "XII. DBMM Schach"]
[Site "Berlin"]
[Date "2012.10.12"]
[Round "3.1"]
[White "Rovenski, Evgenij"]
[Black "Raum, Norbert"]
[Result "1-0"]
[WhiteElo "2165"]
[BlackElo "1869"]
[Annotator "rg"]
[PlyCount "79"]
[EventDate "2012.??.??"]
[Source "FV Schach e.V."]
[SourceDate "2012.10.14"]
[WhiteTeam "SK Praesident Berlin II"]
[BlackTeam "Baubehoerde Hamburg II"]
[WhiteTeamCountry "RUS"]
[BlackTeamCountry "GER"]

1. d4 e6 2. c4 Bb4+ 3. Bd2 Qe7 4. a3 Bxd2+ 5. Qxd2 d5 6. e3 Nd7 7. Nc3 c6 8.
Nf3 Ngf6 9. Bd3 O-O 10. cxd5 Nxd5 11. O-O Nxc3 12. Qxc3 Re8 13. Rfd1 a5 14. b4
a4 15. Rac1 Nb6 16. Qc5 Qxc5 17. dxc5 Nd5 18. e4 Nc7 19. Ne5 f6 20. Nc4 Nb5 21.
Nb6 Ra7 22. Bxb5 cxb5 23. Kf1 Kf8 24. Nxc8 Rxc8 25. Rd7 Rc6 26. Rcd1 e5 27.
Rd8+ Kf7 28. R1d7+ Ke6 29. Rxg7 f5 30. exf5+ Kxf5 31. Rxh7 Rf6 32. Rdd7 Ra8 33.
Rxb7 Ke4 34. Ke2 Raf8 35. Rh4+ Kd5 36. f3 Rg8 37. g3 Rf5 38. Rd7+ Ke6 39. Rhh7
Rh5 40. Rd6+ 1-0

[Event "XII. DBMM Schach"]
[Site "Berlin"]
[Date "2012.10.12"]
[Round "3.2"]
[White "Hoffeins, Hans-Werner"]
[Black "Hohn, August"]
[Result "0-1"]
[WhiteElo "1791"]
[BlackElo "1937"]
[Annotator "rg"]
[PlyCount "76"]
[EventDate "2012.??.??"]
[Source "FV Schach e.V."]
[SourceDate "2012.10.14"]
[WhiteTeam "Baubehoerde Hamburg II"]
[BlackTeam "SK Praesident Berlin II"]
[WhiteTeamCountry "GER"]
[BlackTeamCountry "RUS"]

1. d3 d5 2. Nd2 c6 3. e4 e5 4. Ngf3 Bd6 5. g3 Bg4 6. Bg2 Nf6 7. h3 Bh5 8. g4
Bg6 9. Nh4 dxe4 10. Nxg6 hxg6 11. Nxe4 Nxe4 12. dxe4 Bb4+ 13. c3 Qxd1+ 14. Kxd1
Bc5 15. Ke2 Nd7 16. Be3 O-O-O 17. Rad1 Bxe3 18. Kxe3 Nc5 19. b3 Ne6 20. Rxd8+
Rxd8 21. Bf3 Nf4 22. Be2 g5 23. Rh2 Kc7 24. Rh1 b5 25. b4 a5 26. a3 Ng2+ 27.
Kf3 Nf4 28. Ke3 Ra8 29. Ra1 Nxh3 30. Rh1 Nf4 31. Rh7 axb4 32. axb4 Ra2 33. Bf1
Ra1 34. Be2 Re1 35. Rxg7 Rxe2+ 36. Kf3 Rc2 37. Rxf7+ Kd6 38. Rf6+ Ne6 0-1

[Event "XII. DBMM Schach"]
[Site "Berlin"]
[Date "2012.10.12"]
[Round "3.3"]
[White "Artukovic, Adis"]
[Black "Busch, Klaus"]
[Result "1-0"]
[WhiteElo "2020"]
[BlackElo "1790"]
[Annotator "rg"]
[PlyCount "105"]
[EventDate "2012.??.??"]
[Source "FV Schach e.V."]
[SourceDate "2012.10.14"]
[WhiteTeam "SK Praesident Berlin II"]
[BlackTeam "Baubehoerde Hamburg II"]
[WhiteTeamCountry "RUS"]
[BlackTeamCountry "GER"]

1. d4 g6 2. g3 d6 3. Bg2 Bg7 4. Nf3 e6 5. O-O h6 6. c4 Ne7 7. Nc3 c6 8. e4 Nd7
9. Qc2 b6 10. Be3 Bb7 11. Rad1 a6 12. Bf4 Nc8 13. Rfe1 O-O 14. b4 Qe7 15. d5
cxd5 16. exd5 e5 17. Bc1 f5 18. Nd4 Na7 19. Ne6 Rfc8 20. Nxg7 Qxg7 21. Qb3 g5
22. Bb2 Rf8 23. Rc1 Rab8 24. a4 Bc8 25. Red1 Nf6 26. Qa3 Qe7 27. Rd2 f4 28. Ne4
Bf5 29. Nxf6+ Rxf6 30. c5 bxc5 31. bxc5 Nc8 32. cxd6 Nxd6 33. Qa1 Rxb2 34. Qxb2
e4 35. Qb8+ Rf8 36. Qb2 f3 37. Bf1 e3 38. Re1 exf2+ 39. Kxf2 Ne4+ 40. Rxe4 Bxe4
41. d6 Qd7 42. Qd4 Bg6 43. Bxa6 Qh3 44. Kg1 Re8 45. Qd5+ Bf7 46. Qxf3 Re1+ 47.
Kf2 g4 48. Qg2 Qxg2+ 49. Kxg2 Re8 50. d7 Rd8 51. Bb5 Bg6 52. Re2 Kf7 53. Re8
1-0

[Event "XII. DBMM Schach"]
[Site "Berlin"]
[Date "2012.10.12"]
[Round "3.4"]
[White "Hein, Andrea"]
[Black "Vogel, Tobias"]
[Result "0-1"]
[WhiteElo "1470"]
[BlackElo "1945"]
[Annotator "rg"]
[PlyCount "38"]
[EventDate "2012.??.??"]
[Source "FV Schach e.V."]
[SourceDate "2012.10.14"]
[WhiteTeam "Baubehoerde Hamburg II"]
[BlackTeam "SK Praesident Berlin II"]
[WhiteTeamCountry "GER"]
[BlackTeamCountry "RUS"]

1. d4 d5 2. c4 c6 3. Nc3 Nf6 4. Nf3 Bf5 5. e3 e6 6. a3 Nbd7 7. Bd3 Bg6 8. Bxg6
hxg6 9. cxd5 exd5 10. Bd2 Bd6 11. h3 Qe7 12. Qe2 Ne4 13. Qd3 f5 14. Rf1 a5 15.
Qc2 O-O 16. Nxe4 fxe4 17. Ne5 Bxe5 18. dxe5 Nxe5 19. Bc3 Nd3+ 0-1

[Event "XII. DBMM Schach"]
[Site "Berlin"]
[Date "2012.10.12"]
[Round "3.1"]
[White "Hamann, Martin"]
[Black "Feikes, Joerg"]
[Result "0-1"]
[WhiteElo "1891"]
[BlackElo "1949"]
[Annotator "rg"]
[PlyCount "36"]
[EventDate "2012.??.??"]
[Source "FV Schach e.V."]
[SourceDate "2012.10.14"]
[WhiteTeam "Bayer Berlin"]
[BlackTeam "BA Berlin Tempelhof"]
[WhiteTeamCountry "GER"]
[BlackTeamCountry "GER"]

1. e4 e5 2. d4 exd4 3. c3 Nf6 4. e5 Nd5 5. Qb3 Nb6 6. cxd4 d6 7. Nf3 Be6 8. Qc2
dxe5 9. dxe5 Be7 10. Bd3 Nc6 11. Bb5 O-O 12. Bxc6 bxc6 13. Qxc6 Bc4 14. Nbd2
Bd3 15. a3 Re8 16. e6 Bf6 17. Kd1 Rxe6 18. Qc5 Be2+ 0-1